000 00539nam a2200157 4500
008 151201b xxu||||| |||| 00| 0 eng d
020 _a9781475803600
082 _22014
_aDC 371.2
_bB64
100 _9814
_aBonnici, Charles A.
245 _aBecoming a School Leader:
_bApplications, Interviews, Examination, and Portfolios/
_cCharles A. Bonnici
260 _aUSA:
_bRowman & Littlefield Education,
_cc2014.
300 _axvii, 197 pages;
_c22.5cm
500 _aIncludes Appendix and Acknowledgments
365 _b2425.00
_cPhp
942 _2ddc
_cDC
999 _c339
_d339